Celestial mechanics: the waltz of the planets (Record no. 18159)

MARC details
000 -LEADER
fixed length control field 00597nam a2200217 a 4500
001 - CONTROL NUMBER
control field 155720
003 - CONTROL NUMBER IDENTIFIER
control field OSt
005 - DATE AND TIME OF LATEST TRANSACTION
control field 20210923125802.0
008 - FIXED-LENGTH DATA ELEMENTS--GENERAL INFORMATION
fixed length control field 170301 ### HIN
020 ## - INTERNATIONAL STANDARD BOOK NUMBER
International Standard Book Number 9780387307770
082 ## - DEWEY DECIMAL CLASSIFICATION NUMBER
Classification number 521
Item number C33C
100 ## - MAIN ENTRY--PERSONAL NAME
Personal name Celletti, Alessandra
245 ## - TITLE STATEMENT
Title Celestial mechanics: the waltz of the planets
Statement of responsibility, etc by Alessandra Celletti and Ettore Perozzi
260 ## - PUBLICATION, DISTRIBUTION, ETC. (IMPRINT)
Place of publication, distribution, etc Heidelberg
Name of publisher, distributor, etc Springer
Date of publication, distribution, etc 2007
300 ## - PHYSICAL DESCRIPTION
Extent xxiii, 245p.
653 ## - INDEX TERM--UNCONTROLLED
Uncontrolled term Astronomy
653 ## - INDEX TERM--UNCONTROLLED
Uncontrolled term Celestial mechanics
653 ## - INDEX TERM--UNCONTROLLED
Uncontrolled term Relativity (Physics)
700 ## - ADDED ENTRY--PERSONAL NAME
Personal name Perozzi, Ettore
942 ## - ADDED ENTRY ELEMENTS (KOHA)
Source of classification or shelving scheme Dewey Decimal Classification
Koha item type Books
Holdings
Withdrawn status Lost status Source of classification or shelving scheme Damaged status Not for loan Collection code Home library Current library Date acquired Source of acquisition Full call number Barcode Checked out Date last seen Price effective from Koha item type
    Dewey Decimal Classification     General Text Book Central University Of Rajasthan Central University Of Rajasthan 31/03/2018 MTH(P) 521 C33C 30670 31/12/2018 02/09/2020 02/09/2020 Books